| 000 | 00769nam a2200193 i 4500 | ||
|---|---|---|---|
| 001 | 165096 | ||
| 003 | ES-MaACL | ||
| 005 | 20230906213051.0 | ||
| 008 | 000128s1894 sp c |||| | spa d | ||
| 100 | 1 |
_aSecall, José. _9105031 |
|
| 245 | 1 | 0 |
_aDiatomeas de San Lorenzo del Escorial : _bcatálogo de las observadas / _cpor Jose Secall. |
| 260 |
_aMadrid : _b[s.n.], _c1894 ( _fImp. de Ricardo Rojas) |
||
| 300 |
_a19 p. ; _c25 cm. |
||
| 505 | 8 | _aContiene: Primera parte | |
| 530 | _aDisponible en formato digital. | ||
| 650 | 4 |
_aFlora- _zMadrid (Comunidad Autónoma) _9149813 |
|
| 852 |
_aES-MaACL _jG-9538 _z- Enc. hol. _z- Enc. en un vol. facticio |
||
| 856 |
_uhttps://bibdigital.rjb.csic.es/idurl/1/10182 _zBiblioteca Digital del Real Jardín Botánico |
||
| 999 |
_c165096 _d165096 |
||